| 000 | 00812nam a22001937a 4500 | ||
|---|---|---|---|
| 003 | BD-DhUL | ||
| 005 | 20160921164413.0 | ||
| 008 | 160921b1993 bg ||||| |||| 00| 0 ben d | ||
| 040 | _cBD-DhUL | ||
| 082 |
_a954.92 _bANB |
||
| 100 | _aমুহাম্মদ, আনু | ||
| 245 |
_aবাংলাদেশের দুর্ভিক্ষ একটি প্রামাণ্য চিত্র / _cআনু মুহাম্মদ ও আতিউর রহমান |
||
| 260 |
_aঢাকা : _bপাপড়ি প্রকাশনী , _c১৯৯৩ |
||
| 300 |
_a১২৮ পৃ. : _c১৮ সে.মি. _bচিত্র ; |
||
| 650 | 0 | _aBangladesh- history | |
| 650 | 0 | _aবাংলাদেশ -ইতিহাস | |
| 700 | _aরহমান, আতিউর | ||
| 942 |
_2ddc _cBK |
||
| 999 |
_c105272 _d105272 |
||